Notions de logique formelle
সংরক্ষণ করুন:
| প্রধান লেখক: | |
|---|---|
| বিন্যাস: | পাঠ্য |
| প্রকাশিত: |
louvain :
Nauwelaerts
|
| সংস্করন: | 3 |
| বিষয়গুলি: | |
| ট্যাগগুলো: |
ট্যাগ যুক্ত করুন
কোনো ট্যাগ নেই, প্রথমজন হিসাবে ট্যাগ করুন!
|
MARC
| LEADER | 00000 a a2200000 04500 | ||
|---|---|---|---|
| 001 | 38998 | ||
| 003 | |||
| 040 | |||
| 090 | |a 1001 D692n | ||
| 100 | |a Dopp, Joseph | ||
| 245 | |a Notions de logique formelle | ||
| 250 | |a 3 | ||
| 260 | |a louvain : |b Nauwelaerts | ||
| 300 | |a 304 p. | ||
| 650 | |a LOGICA | ||
| 650 | |a FILOSOFIA | ||
| 650 | |a TEORIA | ||
| 999 | |c 2537 |d 2537 | ||
